000 00481nam a2200133Ia 4500
005 20260209120151.0
008 260209s9999||||xx |||||||||||||| ||und||
100 _aRitwik Deswal
245 0 _aForensic science and the standard of admissibility in India
260 _aBangaloreBangalore
_bNLSIU, Bangalore
_c2024 - 2025
300 _a42 p. ; 25 cm.
700 _aMr. Kunal Ambasta - SupervisorMr. Kunal Ambasta - Supervisor
856 _uhttps://dans.nls.ac.in/handle/123456789/2410
999 _c217735
_d217735